| 000 | 00589nam a2200241Ia 4500 | ||
|---|---|---|---|
| 003 | OSt | ||
| 005 | 20221005124711.0 | ||
| 006 | a|||||r|||| 00| 0 | ||
| 007 | ta | ||
| 008 | 221004b |||||||| |||| 00| 0 mal d | ||
| 024 | _a58805 | ||
| 037 | _cTextual | ||
| 040 |
_aCRL _cCRL _bmal |
||
| 041 |
_2mal _amal |
||
| 082 | _aS0bT, 32J4.1-.2 | ||
| 100 |
_aPaul Au. _9629891 |
||
| 245 | 0 | _aNaveena vidyabhyasam | |
| 260 | _c1954 | ||
| 650 | _a PSYCHOLOGY | ||
| 650 | _aEDUCATION | ||
| 942 |
_hS0bT, 32J4.1-.2 _cTEXL _2cc |
||
| 999 |
_c1051352 _d1051352 |
||